000 00494cab a2200193 4500
001 X2146
008 090401t1995 xxu||||| |||| 00| 0 eng d
035 _a(Sirsi) u22061
041 _aeng
245 2 _aA box fit for VIP`s at Crystal Palace
260 _c1995
350 _a0
490 _aCSM (Chartered Surveyor Monthly)
_v4(5) March 1995, 62(1)
650 _aCRYSTAL PALACE ATHLETIC STADIUM
650 _aVIP BOX
690 _aBUILT ENVIRONMENT
942 _n0
948 _c04/03/1997
999 _c14773
_d14773